<?xml version="1.0" encoding="UTF-8"?><?xml-stylesheet type="text/xsl" href="static/style.xsl"?><OAI-PMH xmlns="http://www.openarchives.org/OAI/2.0/" xmlns:xsi="http://www.w3.org/2001/XMLSchema-instance" xsi:schemaLocation="http://www.openarchives.org/OAI/2.0/ http://www.openarchives.org/OAI/2.0/OAI-PMH.xsd"><responseDate>2026-04-18T23:27:10Z</responseDate><request verb="GetRecord" identifier="oai:riubu.ubu.es:10259/6046" metadataPrefix="marc">https://riubu.ubu.es/oai/request</request><GetRecord><record><header><identifier>oai:riubu.ubu.es:10259/6046</identifier><datestamp>2025-09-22T13:48:53Z</datestamp><setSpec>com_10259_6731</setSpec><setSpec>com_10259_5086</setSpec><setSpec>com_10259_2604</setSpec><setSpec>com_10259.4_103</setSpec><setSpec>com_10259.4_1</setSpec><setSpec>col_10259_7059</setSpec><setSpec>col_10259_7059</setSpec><setSpec>col_10259_6036</setSpec></header><metadata><record xmlns="http://www.loc.gov/MARC21/slim" xmlns:doc="http://www.lyncode.com/xoai" xmlns:xsi="http://www.w3.org/2001/XMLSchema-instance" xmlns:dcterms="http://purl.org/dc/terms/" xsi:schemaLocation="http://www.loc.gov/MARC21/slim http://www.loc.gov/standards/marcxml/schema/MARC21slim.xsd">
<leader>00925njm 22002777a 4500</leader>
<datafield tag="042" ind1=" " ind2=" ">
<subfield code="a">dc</subfield>
</datafield>
<datafield tag="720" ind1=" " ind2=" ">
<subfield code="a">Melgosa Oter, Óscar Raúl</subfield>
<subfield code="e">author</subfield>
</datafield>
<datafield tag="260" ind1=" " ind2=" ">
<subfield code="c">2014</subfield>
</datafield>
<datafield tag="520" ind1=" " ind2=" ">
<subfield code="a">En este artículo se analizan los monumentos efímeros&#xd;
levantados en Burgos con motivo de las exequias reales celebradas&#xd;
en los siglos XVI y XVII, sus características, su encargo y ejecución,&#xd;
dentro del complejo organizativo de aquellas celebraciones de exaltación&#xd;
de la monarquía.</subfield>
</datafield>
<datafield tag="520" ind1=" " ind2=" ">
<subfield code="a">This article examines the ephemeral monuments built&#xd;
in Burgos because of the royal exequies that were celebrated during&#xd;
the 16th and 17th centuries. In addition, it also considers other topics&#xd;
as their characteristics, order and execution within those celebrations&#xd;
to exalt monarchy.</subfield>
</datafield>
<datafield tag="024" ind2=" " ind1="8">
<subfield code="a">0211-8998</subfield>
</datafield>
<datafield tag="024" ind2=" " ind1="8">
<subfield code="a">http://hdl.handle.net/10259/6046</subfield>
</datafield>
<datafield ind1=" " ind2=" " tag="653">
<subfield code="a">Exequias reales</subfield>
</datafield>
<datafield ind1=" " ind2=" " tag="653">
<subfield code="a">Monumentos fúnebres (túmulos)</subfield>
</datafield>
<datafield ind1=" " ind2=" " tag="653">
<subfield code="a">Royal exequies</subfield>
</datafield>
<datafield ind1=" " ind2=" " tag="653">
<subfield code="a">Funeral monuments</subfield>
</datafield>
<datafield tag="245" ind1="0" ind2="0">
<subfield code="a">Monumentos efímeros en las exequias burgalesas de los Austrias</subfield>
</datafield>
</record></metadata></record></GetRecord></OAI-PMH>